Normal view MARC view
  • University of Malaya

Entry Corporate Name

Number of records used in: 1

001 - CONTROL NUMBER

  • control field: 5890

003 - CONTROL NUMBER IDENTIFIER

  • control field: SIRSI

005 - DATE AND TIME OF LATEST TRANSACTION

  • control field: 20190806150247.0

008 - FIXED-LENGTH DATA ELEMENTS

  • fixed length control field: 101108n| acannaabn |n ana d

040 ## - CATALOGING SOURCE

  • Original cataloging agency: OSt
  • Transcribing agency: OSt

110 1# - HEADING--CORPORATE NAME

  • Corporate name or jurisdiction name as entry element: University of Malaya
  • Subordinate unit: Faculty of Built Environment

670 ## - SOURCE DATA FOUND

  • Source citation: The potential of contract document as part of occupational safety and health management system, 2008